Хозяин горных дорог: стихотворения, поэмы, рассказы и сказки в стихах; для младшего и среднего школьного возраста

Bibliographische Detailangaben
1. Verfasser: Палагута Н. С. Николай Семенович
Weitere Verfasser: Таранов Н. Н. (иллюстратор)
Zusammenfassung:Исключено из фонда НТБ ТПУ
Sprache:Russisch
Veröffentlicht: Ужгород, Карпати, 1988
Format: MixedMaterials Buch
KOHA link:https://koha.lib.tpu.ru/cgi-bin/koha/opac-detail.pl?biblionumber=155055

MARC

LEADER 00000nam0a2200000 4500
001 155055
005 20231031152204.0
010 |a 5775701720 
020 |a RU  |b 88-39154 
035 |a (RuTPU)RU\TPU\book\168186 
090 |a 155055 
100 |a 20090311d1988 cd a0rusy5003 ca 
101 0 |a rus 
102 |a UA 
105 |a a z 000ay 
200 1 |a Хозяин горных дорог  |e стихотворения, поэмы, рассказы и сказки в стихах  |e для младшего и среднего школьного возраста  |f Н. С. Палагута  |g худож. Н. Н. Таранов 
210 |a Ужгород  |c Карпати  |d 1988 
215 |a 102,[2] с.  |c ил. 
333 |a Исключено из фонда НТБ ТПУ 
700 1 |a Палагута  |b Н. С.  |g Николай Семенович 
702 1 |a Таранов  |b Н. Н.  |4 440 
801 0 |a RU  |b RuMRKP  |c 19950417  |g psbo 
801 1 |a RU  |b 63413507  |c 20090311  |g PSBO 
801 2 |a RU  |b 63413507  |c 20220602  |g PSBO 
942 |c BK